All municipalities in the province of Lecco (Lombardy, Italy) - Statistics

General Stats
  • This quiz has been taken 25 times
  • The average score is 48 of 84
Answer Stats
Answer % Correct
Lecco
95%
Calolziocorte
89%
Dervio
89%
Abbadia Lariana
84%
Ballabio
84%
Bellano
84%
Merate
84%
Colico
79%
Cortenova
79%
Mandello del Lario
79%
Olginate
79%
Valmadrera
79%
Varenna
79%
Esino Lario
74%
Airuno
68%
Galbiate
68%
Lierna
68%
Oggiono
68%
Pescate
68%
Barzio
63%
Brivio
63%
Dorio
63%
Malgrate
63%
Oliveto Lario
63%
Primaluna
63%
Valvarrone
63%
Annone di Brianza
58%
Barzago
58%
Barzanò
58%
Bulciago
58%
Calco
58%
Cernusco Lombardone
58%
Margno
58%
Missaglia
58%
Nibionno
58%
Olgiate Molgora
58%
Osnago
58%
Pasturo
58%
Perledo
58%
Taceno
58%
Viganò
58%
Casargo
53%
Casatenovo
53%
Cassina Valsassina
53%
Cesana Brianza
53%
Costa Masnaga
53%
Crandola Valsassina
53%
Dolzago
53%
Introbio
53%
Premana
53%
Robbiate
53%
Santa Maria Hoè
53%
Sirtori
53%
Valgreghentino
53%
Vercurago
53%
Cassago Brianza
47%
Civate
47%
Colle Brianza
47%
Cremella
47%
Lomagna
47%
Garlate
47%
La Valletta Brianza
47%
Molteno
47%
Morterone
47%
Paderno d'Adda
47%
Pagnona
47%
Rogeno
47%
Suello
47%
Bosisio Parini
42%
Carenno
42%
Erve
42%
Ello
42%
Garbagnate Monastero
42%
Imbersago
42%
Moggio
42%
Monte Marenzo
42%
Montevecchia
42%
Monticello Brianza
42%
Parlasco
42%
Sueglio
42%
Verderio
42%
Castello di Brianza
37%
Cremeno
32%
Sirone
32%
No matching quizzes found
Score Distribution
Percent of People with Each Score
Percentile by Number Answered
Your Score History
You have not taken this quiz